W jakim województwie jest ta stacja #1 - Statystyki

Ogólne statystyki
  • Ten quiz został rozwiązany 35 razy
  • Średni wynik to 12 z 16
Statystyki odpowiedzi
Stacja Województwo % Poprawnych
Jasło podkarpackie
97%
Koluszki łódzkie
94%
Goczałkowice śląskie
84%
Pilawa mazowieckie
81%
Ruciane Nida warmińsko-mazurskie
81%
Trzebiatów zachodniopomorskie
81%
Wolbrom małopolskie
77%
Żukowo pomorskie
77%
Ćmielów świętokrzyskie
77%
Brzeg Dolny dolnośląskie
74%
Wierzchucin kujawsko-pomorskie
74%
Ozimek opolskie
74%
Opalenica wielkopolskie
74%
Rejowiec lubelskie
68%
Wasilków podlaskie
68%
Bieniów lubuskie
61%
Nie znaleziono quizów pasujących do podanych kryteriów
Rozkład punktacji
Procent ludzi z każdym wynikiem
Percentyl według liczby udzielonych odpowiedzi
Twoja historia wyników
Nie rozwiązałeś tego quizu